[Event "Wch U20 60th"]
[Site "Mexico City"]
[Date "2023.09.30"]
[Round "9"]
[White "Kacharava, Nikoloz"]
[Black "Vetokhin, Savva"]
[Result "1-0"]
[WhiteElo "2528"]
[BlackElo "2400"]
[PlyCount "93"]
[EventDate "2023.09.21"]
[EventType "swiss"]
[EventRounds "11"]
[EventCountry "MEX"]
[SourceTitle "EXT 2024"]
[Source "ChessBase"]
[SourceDate "2023.10.10"]
[SourceVersion "1"]
[SourceVersionDate "2023.10.10"]
[SourceQuality "1"]

1. e4 c5 2. Nf3 e6 3. d4 cxd4 4. Nxd4 Nf6 5. Nc3 Nc6 6. Nxc6 bxc6 7. e5 Nd5 8. Ne4 Bb7 9. Be2 c5 10. 0-0 Qc7 11. Nd6+ Bxd6 12. exd6 Qc6 13. f3 e5 14. c4 Nf4 15. Bxf4 exf4 16. Qd2 0-0 17. Qxf4 Rae8 18. Bd3 Re6 19. Rad1 g6 20. b3 Rfe8 21. Be4 Qb6 22. h4 f5 23. Bxb7 Qxb7 24. h5 Qa6 25. Rf2 Qa5 26. Qd2 Qd8 27. Qd5 Qg5 28. h6 Kf8 29. Qd2 f4 30. b4 Re5 31. bxc5 Qh4 32. Qd4 Qxh6 33. c6 Rh5 34. Qf6+ Kg8 35. Rfd2 Rh1+ 36. Kf2 Qh2 37. Qg5 Rxd1 38. Rxd1 Qg3+ 39. Qxg3 fxg3+ 40. Kxg3 dxc6 41. Kf4 Kf7 42. d7 Rd8 43. Ke5 Ke7 44. c5 a5 45. a4 g5 46. g4 h6 47. Rd2 1-0

[Event "Wch U20 60th"]
[Site "Mexico City"]
[Date "2023.09.25"]
[Round "5"]
[White "Kacharava, Nikoloz"]
[Black "Koellner, Ruben Gideon"]
[Result "1/2-1/2"]
[WhiteElo "2528"]
[BlackElo "2485"]
[PlyCount "101"]
[EventDate "2023.09.21"]
[EventType "swiss"]
[EventRounds "11"]
[EventCountry "MEX"]
[SourceTitle "EXT 2024"]
[Source "ChessBase"]
[SourceDate "2023.10.10"]
[SourceVersion "1"]
[SourceVersionDate "2023.10.10"]
[SourceQuality "1"]

1. e4 e5 2. Nf3 Nc6 3. Bb5 Bc5 4. c3 Nf6 5. d4 exd4 6. e5 Nd5 7. cxd4 Bb4+ 8. Nbd2 0-0 9. 0-0 a6 10. Bc4 Nb6 11. Bd3 d6 12. Nb3 dxe5 13. Nxe5 Nxe5 14. dxe5 a5 15. Qc2 h6 16. Rd1 Qe7 17. a3 a4 18. Nd2 Ba5 19. b4 axb3 20. Nxb3 Bg4 21. f3 Be6 22. f4 Bxb3 23. Qxb3 Qc5+ 24. Kh1 Qc3 25. Rb1 Rfd8 26. Qxc3 Bxc3 27. g3 Na4 28. Bc2 Rxd1+ 29. Bxd1 b6 30. Bc2 Nc5 31. Be3 Ne6 32. a4 Bd4 33. Bd2 Nc5 34. a5 bxa5 35. Bxa5 Ne6 36. Be1 g5 37. Be4 Ra1 38. Rxa1 Bxa1 39. Bd2 gxf4 40. gxf4 c5 41. Bd5 Nd4 42. Kg2 Kf8 43. Kf2 Nb5 44. Kf3 Bb2 45. Be3 Bd4 46. Bc1 Nc3 47. Bc4 Ke7 48. Kg4 Nd1 49. Kf3 Nc3 50. Kg4 Nd1 51. Kf3 1/2-1/2

[Event "Wch U20 60th"]
[Site "Mexico City"]
[Date "2023.09.21"]
[Round "1"]
[White "Kacharava, Nikoloz"]
[Black "Gonzalez Zharikov, Andrey"]
[Result "1/2-1/2"]
[WhiteElo "2528"]
[BlackElo "2019"]
[PlyCount "65"]
[EventDate "2023.09.21"]
[EventType "swiss"]
[EventRounds "11"]
[EventCountry "MEX"]
[SourceTitle "EXT 2024"]
[Source "ChessBase"]
[SourceDate "2023.10.10"]
[SourceVersion "1"]
[SourceVersionDate "2023.10.10"]
[SourceQuality "1"]

1. e4 c6 2. d4 d5 3. e5 Bf5 4. h4 h5 5. c4 e6 6. Nc3 Ne7 7. Nge2 Nd7 8. Ng3 Bg6 9. Bg5 Qb6 10. Rc1 dxc4 11. Bxc4 Rd8 12. Na4 Qc7 13. 0-0 Nb6 14. Be2 Nxa4 15. Qxa4 Rd5 16. Bc4 b5 17. Bxb5 cxb5 18. Rxc7 bxa4 19. Rfc1 Rd7 20. Ne2 Rxc7 21. Rxc7 Nd5 22. Rxa7 a3 23. Ra8+ Kd7 24. bxa3 f6 25. Bd2 Be8 26. Nf4 Nxf4 27. Bxf4 Be7 28. Ra7+ Kd8 29. Ra8+ Kd7 30. Ra7+ Kd8 31. Bd2 Bc6 32. Ba5+ Ke8 33. Bb4 1/2-1/2

[Event "ESP-chT CECLUB Div2"]
[Site "Linares"]
[Date "2023.08.16"]
[Round "5.1"]
[White "Kacharava, Nikoloz"]
[Black "Sosa, Tomas Sebastian"]
[Result "1/2-1/2"]
[WhiteElo "2519"]
[BlackElo "2556"]
[PlyCount "85"]
[EventDate "2023.08.13"]
[EventType "team-swiss"]
[EventRounds "7"]
[EventCountry "ESP"]
[SourceTitle "EXT 2024"]
[Source "ChessBase"]
[SourceDate "2023.10.10"]
[SourceVersion "1"]
[SourceVersionDate "2023.10.10"]
[SourceQuality "1"]
[WhiteTeam "Granada Aimpulsa"]
[BlackTeam "Manises Eva"]
[WhiteTeamCountry "ESP"]
[BlackTeamCountry "ESP"]

1. e4 c5 2. Nf3 d6 3. d4 cxd4 4. Qxd4 Nc6 5. Bb5 Bd7 6. Bxc6 Bxc6 7. Nc3 Nf6 8. Bg5 e6 9. 0-0-0 Be7 10. Qd3 Rc8 11. Nd4 a6 12. f4 h6 13. Bh4 g5 14. fxg5 Ng4 15. Nf3 hxg5 16. Bg3 Qa5 17. Rhf1 Ne5 18. Qe2 f6 19. Nxe5 dxe5 20. Qg4 Bd7 21. Kb1 Rc4 22. Rd3 b5 23. Rfd1 Bc8 24. Be1 Qc7 25. Rh3 Rxh3 26. gxh3 Rd4 27. Rd3 Rxd3 28. cxd3 b4 29. Ne2 a5 30. h4 gxh4 31. Bxh4 Qd6 32. Nc1 Ba6 33. Qf3 a4 34. Bxf6 Bxf6 35. Qxf6 Bxd3+ 36. Nxd3 Qxd3+ 37. Kc1 Qe3+ 38. Kd1 Qd4+ 39. Kc1 Qe3+ 40. Kd1 Qd3+ 41. Kc1 Qc4+ 42. Kd2 Qd4+ 43. Kc1 1/2-1/2

[Event "TUR-chT 1st League"]
[Site "Denizli"]
[Date "2023.07.10"]
[Round "3.21"]
[White "Kacharava, Nikoloz"]
[Black "Dudin, Gleb"]
[Result "1/2-1/2"]
[WhiteElo "2523"]
[BlackElo "2498"]
[PlyCount "69"]
[EventDate "2023.07.09"]
[EventType "team-swiss"]
[EventRounds "9"]
[EventCountry "TUR"]
[SourceTitle "CBM 215 Extra"]
[Source "ChessBase"]
[SourceDate "2023.09.30"]
[SourceVersion "1"]
[SourceVersionDate "2023.09.30"]
[SourceQuality "1"]
[WhiteTeam "Tarsus Zeka"]
[BlackTeam "Alacati Satranc"]
[WhiteTeamCountry "TUR"]
[BlackTeamCountry "TUR"]

1. e4 e5 2. Nf3 Nc6 3. d4 exd4 4. Nxd4 Bc5 5. Nb3 Bb6 6. Qe2 a5 7. a4 d6 8. Nc3 Nb4 9. Nb5 Qh4 10. N5d4 Nf6 11. c3 Nc6 12. Nd2 Bxd4 13. cxd4 Nxd4 14. Qd3 c5 15. Nf3 Qxe4+ 16. Qxe4+ Nxe4 17. Nxd4 cxd4 18. Bf4 g5 19. Bd3 0-0 20. Bxe4 Re8 21. Bxg5 Rxe4+ 22. Kd2 Rg4 23. Be7 Bf5 24. Bxd6 Ra6 25. Bc7 d3 26. g3 Rc6 27. Rac1 Rxa4 28. Rxc6 bxc6 29. Be5 Ra2 30. Rc1 Be4 31. Ke3 f5 32. f3 Bd5 33. Kxd3 Bxf3 34. Ke3 Be4 35. Rd1 1/2-1/2